书目信息 |
| 题名: |
许衡评传
|
|
| 作者: | 陈正夫 , 何植靖 著 | |
| 分册: | 下 | |
| 出版信息: | 南京 南京大学出版社 2011.04 |
|
| 页数: | 276-505页 | |
| 开本: | 23cm | |
| 丛书名: | 中国思想家评传丛书 | |
| 单 册: | ||
| 中图分类: | B244.995 | |
| 科图分类: | ||
| 主题词: | ||
| 电子资源: | ||
| ISBN: | 978-7-305-06104-2 | |
| 000 | 01092nam 2200289 450 | |
| 001 | 012011976625 | |
| 005 | 20111205134950.96 | |
| 010 | @a978-7-305-06104-2@dCNY32.50 | |
| 100 | @a20111205d2011 em y0chiy0120 ea | |
| 101 | 0 | @achi |
| 102 | @aCN@b320000 | |
| 105 | @ac z 001yb | |
| 106 | @ar | |
| 200 | 1 | @a许衡评传@Axu heng ping chuan@h下@e附许谦评传@f陈正夫, 何植靖著@Fchen zheng fu,he zhi jing zhu |
| 210 | @a南京@c南京大学出版社@d2011.04 | |
| 215 | @a276-505页@c肖像@d23cm | |
| 225 | 2 | @a中国思想家评传丛书@Azhong guo si xiang jia ping chuan cong shu |
| 320 | @a有索引 | |
| 330 | @a本书附录《许谦评传》,对与许衡同时代的重要的思想家、教育家许谦的生平、宇宙论、辩证法思想、认识论、人性论、道德论、教育论、政治论,以及许谦思想的作用和特点,作全面系统的论述。 | |
| 410 | 0 | @12001 @a中国思想家评传丛书 |
| 517 | 1 | @a附许谦评传@Afu xu qian ping chuan |
| 600 | 0 | @a许衡,@Axu heng,@f(1209-1281)@x评传 |
| 690 | @aB244.995@v4 | |
| 701 | 0 | @a陈正夫@Achen zheng fu@4著 |
| 701 | 0 | @a何植靖@Ahe zhi jing@4著 |
| 801 | 0 | @aCN@bQSSK@c20111205 |
| 905 | @b795809@dB244.995@eX862:2@f1 | |
| 许衡评传.下:附许谦评传/陈正夫, 何植靖著.-南京:南京大学出版社,2011.04 |
| 276-505页:肖像;23cm.-(中国思想家评传丛书) |
| ISBN 978-7-305-06104-2:CNY32.50 |
| 本书附录《许谦评传》,对与许衡同时代的重要的思想家、教育家许谦的生平、宇宙论、辩证法思想、认识论、人性论、道德论、教育论、政治论,以及许谦思想的作用和特点,作全面系统的论述。 |
| ● |
| 相关链接 |
|
|
|
正题名:许衡评传
索取号:B244.995/X862:2
 
预约/预借
| 序号 | 登录号 | 条形码 | 馆藏地/架位号 | 状态 | 备注 |
| 1 | 795809 | 207958094 | 社科库509/509社科库 14排4列4层/ [索取号:B244.995/X862:2] | 在馆 |